[Event "Montcalm III 2005-06"]
[Site "Quebec CAN"]
[Date "2005.11.17"]
[Round "1"]
[White "Dumont, Eric"]
[Black "Audet-Bouchard, Nicolas"]
[Result "0-1"]
[WhiteElo "1609"]
[BlackElo "2193"]
[PlyCount "50"]
[GameId "2160767910838254"]
[EventDate "2005.11.17"]
[EventType "swiss"]
[EventRounds "5"]
[EventCountry "CAN"]
[SourceTitle "EXT 2007"]
[Source "ChessBase"]
[SourceDate "2006.11.23"]
[SourceVersion "1"]
[SourceVersionDate "2006.11.23"]
[SourceQuality "1"]

1. f4 d5 2. Nf3 c5 3. b3 Nc6 4. Bb2 Nf6 5. e3 g6 6. Be2 Bg7 7. O-O O-O 8. Qe1 d4 9. exd4 cxd4 10. Na3 Nd5 11. Qh4 d3 12. Bxg7 dxe2 13. Bxf8 exf1=Q+ 14. Rxf1 Qxf8 15. c4 Nf6 16. Nc2 Bf5 17. Ne3 Bd3 18. Re1 Rd8 19. g4 Nd4 20. Nxd4 Rxd4 21. g5 Nh5 22. Nd5 e6 23. Qf2 Qc5 24. Re5 exd5 25. b4 Qxc4 0-1

[Event "Montcalm III 2005-06"]
[Site "Quebec CAN"]
[Date "2005.11.17"]
[Round "1"]
[White "Emond, Denis"]
[Black "Cournoyer, Dominic"]
[Result "0-1"]
[WhiteElo "1081"]
[BlackElo "1682"]
[PlyCount "106"]
[GameId "2160767910838255"]
[EventDate "2005.11.17"]
[EventType "swiss"]
[EventRounds "5"]
[EventCountry "CAN"]
[SourceTitle "EXT 2007"]
[Source "ChessBase"]
[SourceDate "2006.11.23"]
[SourceVersion "1"]
[SourceVersionDate "2006.11.23"]
[SourceQuality "1"]

1. e4 f6 2. d4 Kf7 3. Nc3 e6 4. a3 b6 5. Bd3 Bb7 6. Qe2 Nc6 7. Nf3 g6 8. Be3 Bg7 9. O-O-O a6 10. Bc4 b5 11. Bb3 Qe7 12. d5 Na5 13. dxe6+ dxe6 14. Ba2 Rd8 15. Rd2 Nh6 16. h3 Rxd2 17. Qxd2 Rd8 18. Nd4 Ng8 19. Rd1 c5 20. Ncxb5 axb5 21. Qxa5 cxd4 22. Bf4 Qd7 23. Qe1 Ne7 24. f3 Nc6 25. Rd2 Ne5 26. Qd1 Nc4 27. Rd3 Kf8 28. Kb1 e5 29. Bc1 Ba6 30. Bd2 Nxd2+ 31. Qxd2 Qd6 32. b4 Bc8 33. Bd5 Be6 34. Bxe6 Qxe6 35. f4 Kg8 36. Qf2 Qc6 37. Qd2 Qxe4 38. g3 Bh6 39. Kb2 Qd5 40. Qf2 e4 41. Rd1 Bg7 42. Qd2 f5 43. h4 Qc4 44. Kb1 Ra8 45. Qc1 e3 46. Rd3 Rc8 47. Qd1 Ra8 48. Kc1 Qa2 49. Rb3 Qa1+ 50. Rb1 Qxa3+ 51. Rb2 d3 52. Qxd3 Qa1+ 53. Rb1 Qxb1+ 0-1

[Event "Montcalm III 2005-06"]
[Site "Quebec CAN"]
[Date "2005.11.17"]
[Round "1"]
[White "Marquardt, Christian"]
[Black "Zroud, Hicham"]
[Result "1-0"]
[WhiteElo "2094"]
[BlackElo "1561"]
[PlyCount "84"]
[GameId "2160767910838256"]
[EventDate "2005.11.17"]
[EventType "swiss"]
[EventRounds "5"]
[EventCountry "CAN"]
[SourceTitle "EXT 2007"]
[Source "ChessBase"]
[SourceDate "2006.11.23"]
[SourceVersion "1"]
[SourceVersionDate "2006.11.23"]
[SourceQuality "1"]

1. d4 Nf6 2. Bg5 Ne4 3. h4 d5 4. Nd2 Nxg5 5. hxg5 Bf5 6. Ngf3 Nc6 7. c4 e5 8. dxe5 dxc4 9. e4 Bg4 10. Be2 Bb4 11. O-O Bxd2 12. Nxd2 Bxe2 13. Qxe2 Qxg5 14. Nxc4 O-O-O 15. f4 Qg6 16. Rac1 Kb8 17. Rfd1 h5 18. Rxd8+ Rxd8 19. Nd2 Qg3 20. Rf1 Qd3 21. Qxd3 Rxd3 22. Nf3 Nd4 23. Ng5 f6 24. e6 Nc6 25. Nf3 Re3 26. Re1 Rxe1+ 27. Nxe1 f5 28. exf5 Ne7 29. Nf3 Nxf5 30. Nh4 Ne7 31. f5 Kc8 32. Kf2 c5 33. Kf3 Kc7 34. Kf4 Kd6 35. Kg5 b5 36. Kxh5 Nxf5 37. Nxf5+ Kxe6 38. Nxg7+ Ke5 39. g4 c4 40. Nf5 Ke4 41. Nd6+ Kd3 42. Nxb5 Kc2 1-0

[Event "Montcalm III 2005-06"]
[Site "Quebec CAN"]
[Date "2005.11.17"]
[Round "1"]
[White "Monga, Alain"]
[Black "Auger, Bertrand"]
[Result "0-1"]
[WhiteElo "1537"]
[BlackElo "2004"]
[PlyCount "30"]
[GameId "2160767910838257"]
[EventDate "2005.11.17"]
[EventType "swiss"]
[EventRounds "5"]
[EventCountry "CAN"]
[SourceTitle "EXT 2007"]
[Source "ChessBase"]
[SourceDate "2006.11.23"]
[SourceVersion "1"]
[SourceVersionDate "2006.11.23"]
[SourceQuality "1"]

1. e4 e6 2. d4 d5 3. exd5 exd5 4. Bf4 Nf6 5. Nd2 Be7 6. Bd3 O-O 7. c3 Re8 8. Ne2 c5 9. dxc5 Nc6 10. Nb3 Bg4 11. Qc2 Bf8 12. f3 Bh5 13. O-O-O b6 14. Bb5 Bg6 15. Bd2 Rxe2 0-1

[Event "Montcalm III 2005-06"]
[Site "Quebec CAN"]
[Date "2005.11.24"]
[Round "2"]
[White "Audet-Bouchard, Nicolas"]
[Black "Cummins, Paul"]
[Result "1-0"]
[WhiteElo "2193"]
[BlackElo "1867"]
[PlyCount "102"]
[GameId "2160767910838258"]
[EventDate "2005.11.17"]
[EventType "swiss"]
[EventRounds "5"]
[EventCountry "CAN"]
[SourceTitle "EXT 2007"]
[Source "ChessBase"]
[SourceDate "2006.11.23"]
[SourceVersion "1"]
[SourceVersionDate "2006.11.23"]
[SourceQuality "1"]

1. e4 c5 2. Nf3 d6 3. d4 cxd4 4. Nxd4 Nf6 5. Nc3 g6 6. Be3 Bg7 7. Qd2 Ng4 8. Bg5 h6 9. Bh4 a6 10. h3 Nf6 11. O-O-O Nc6 12. Nxc6 bxc6 13. e5 Nd5 14. Nxd5 cxd5 15. exd6 Qb6 16. c3 O-O 17. Bxe7 Re8 18. Kb1 Rb8 19. Bd3 Bd7 20. Ka1 Rec8 21. Rc1 Rc5 22. g4 Ra5 23. Rhe1 Bb5 24. Re2 Ba4 25. b4 Qxb4 26. d7 Rc5 27. Bxc5 Qxc5 28. Re8+ Rxe8 29. dxe8=Q+ Bxe8 30. Qb2 Bb5 31. Bxb5 axb5 32. Kb1 Qc4 33. Qb3 Qd3+ 34. Kb2 Qe2+ 35. Rc2 Qd3 36. h4 Bf6 37. h5 g5 38. a3 Kg7 39. Ka2 Kg8 40. Rc1 Qe2+ 41. Rc2 Qd3 42. Rb2 Bxc3 43. Qxb5 Qd4 44. Rc2 Qe5 45. Qc5 Bd4 46. Qc8+ Kg7 47. Qf5 Qe1 48. Qd3 Qa1+ 49. Kb3 Qb1+ 50. Ka4 Qb6 51. f3 Qa7+ 1-0

[Event "Montcalm III 2005-06"]
[Site "Quebec CAN"]
[Date "2005.11.24"]
[Round "2"]
[White "Auger, Bertrand"]
[Black "Caron, Sebastien"]
[Result "1-0"]
[WhiteElo "2004"]
[BlackElo "1857"]
[PlyCount "58"]
[GameId "2160767910838259"]
[EventDate "2005.11.17"]
[EventType "swiss"]
[EventRounds "5"]
[EventCountry "CAN"]
[SourceTitle "EXT 2007"]
[Source "ChessBase"]
[SourceDate "2006.11.23"]
[SourceVersion "1"]
[SourceVersionDate "2006.11.23"]
[SourceQuality "1"]

1. Nf3 c5 2. c4 Nf6 3. Nc3 e6 4. g3 Be7 5. Bg2 O-O 6. O-O Nc6 7. d4 cxd4 8. Nxd4 Bc5 9. Nb3 Be7 10. Nd4 Bc5 11. Ndb5 a6 12. Nd6 Qe7 13. Nce4 Nxe4 14. Nxe4 h6 15. Nxc5 Qxc5 16. b3 b5 17. Be3 Qe7 18. Rc1 b4 19. Qd2 Bb7 20. Rfd1 Rfd8 21. Bb6 Rab8 22. Bxd8 Rxd8 23. Qd6 Kf8 24. Qc7 d5 25. Qxe7+ Nxe7 26. cxd5 exd5 27. Rc7 Bc6 28. e3 a5 29. Rc1 Be8 1-0

[Event "Montcalm III 2005-06"]
[Site "Quebec CAN"]
[Date "2005.11.24"]
[Round "2"]
[White "Cournoyer, Dominic"]
[Black "Marquis, Paul"]
[Result "1/2-1/2"]
[WhiteElo "1682"]
[BlackElo "1910"]
[PlyCount "111"]
[GameId "2160767910838260"]
[EventDate "2005.11.17"]
[EventType "swiss"]
[EventRounds "5"]
[EventCountry "CAN"]
[SourceTitle "EXT 2007"]
[Source "ChessBase"]
[SourceDate "2006.11.23"]
[SourceVersion "1"]
[SourceVersionDate "2006.11.23"]
[SourceQuality "1"]

1. c4 g6 2. Nc3 Bg7 3. Nf3 Nf6 4. g3 O-O 5. Bg2 d6 6. d4 a5 7. O-O c6 8. Bd2 Bg4 9. Qc1 Bxf3 10. Bxf3 Nbd7 11. Bh6 e5 12. Bxg7 Kxg7 13. d5 Qc7 14. dxc6 bxc6 15. Rd1 Nc5 16. Qc2 Rfe8 17. e3 Rad8 18. Rd2 Nfd7 19. Rad1 Nb6 20. b3 f5 21. a3 e4 22. Be2 Qe7 23. b4 axb4 24. axb4 Nb7 25. Qb2 Qf6 26. Nb1 Qxb2 27. Rxb2 Rb8 28. Nc3 Kf6 29. Ra2 Ra8 30. Rda1 Rxa2 31. Rxa2 Ra8 32. Rxa8 Nxa8 33. Kf1 Nb6 34. Ke1 c5 35. bxc5 dxc5 36. Nd1 Nd6 37. Nb2 Ke5 38. h4 h6 39. Kd2 g5 40. hxg5 hxg5 41. Bf1 f4 42. gxf4+ gxf4 43. exf4+ Kxf4 44. Be2 Ke5 45. Ke3 Nf5+ 46. Kd2 Kd4 47. Kc2 Nd6 48. Kb3 Nb7 49. Kc2 Na5 50. f3 e3 51. f4 Ke4 52. Nd3 Naxc4 53. Nxc5+ Kxf4 54. Nd3+ Ke4 55. Ne1 Ne5 56. Ng2 1/2-1/2

[Event "Montcalm III 2005-06"]
[Site "Quebec CAN"]
[Date "2005.11.24"]
[Round "2"]
[White "L'Heureux, Clement"]
[Black "Perreault, Jacquelin"]
[Result "0-1"]
[WhiteElo "1951"]
[BlackElo "1760"]
[PlyCount "92"]
[GameId "2160767910838261"]
[EventDate "2005.11.17"]
[EventType "swiss"]
[EventRounds "5"]
[EventCountry "CAN"]
[SourceTitle "EXT 2007"]
[Source "ChessBase"]
[SourceDate "2006.11.23"]
[SourceVersion "1"]
[SourceVersionDate "2006.11.23"]
[SourceQuality "1"]

1. d4 Nf6 2. Nc3 d5 3. Bg5 e6 4. Qd3 Be7 5. Nf3 b6 6. Ne5 Nfd7 7. Bxe7 Qxe7 8. f4 Ba6 9. Qg3 Nxe5 10. fxe5 O-O 11. e3 f6 12. exf6 Rxf6 13. O-O-O c5 14. Qe5 Qd7 15. dxc5 bxc5 16. Ne4 Rxf1 17. Rhxf1 Bxf1 18. Nxc5 Qf7 19. Nxe6 Nc6 20. Qxd5 Bxg2 21. e4 Re8 22. Nf4 Bxe4 23. Qxf7+ Kxf7 24. Rd7+ Re7 25. Rd6 g5 26. Nh3 Bg2 27. Nxg5+ Kg7 28. c3 Ne5 29. Ne6+ Kf7 30. Nf4 Nc4 31. Rd4 Re1+ 32. Kc2 Be4+ 33. Kb3 Na5+ 34. Ka3 Nc6 35. Rc4 Bf3 36. Rc5 Re5 37. Rc4 Ra5+ 38. Ra4 Rxa4+ 39. Kxa4 Ke7 40. Kb5 Kd6 41. b4 Nb8 42. c4 Ke5 43. Nd3+ Kd4 44. Nc5 Bc6+ 45. Ka5 Kxc4 46. a4 Bd5 0-1

[Event "Montcalm III 2005-06"]
[Site "Quebec CAN"]
[Date "2005.11.24"]
[Round "2"]
[White "Lapierre, Gaetan"]
[Black "Bourassa, Andre"]
[Result "1-0"]
[WhiteElo "1881"]
[BlackElo "1691"]
[PlyCount "99"]
[GameId "2160767910838262"]
[EventDate "2005.11.17"]
[EventType "swiss"]
[EventRounds "5"]
[EventCountry "CAN"]
[SourceTitle "EXT 2007"]
[Source "ChessBase"]
[SourceDate "2006.11.23"]
[SourceVersion "1"]
[SourceVersionDate "2006.11.23"]
[SourceQuality "1"]

1. Nf3 d5 2. d4 e6 3. c4 c6 4. e3 Bd6 5. Nc3 Nd7 6. e4 dxc4 7. Bxc4 Nb6 8. Bb3 Qc7 9. O-O Ne7 10. a3 Ng6 11. Be3 Bf4 12. Rc1 O-O 13. e5 Qe7 14. Qd2 Bxe3 15. fxe3 Nd5 16. Ne2 f5 17. exf6 Nxf6 18. Ng5 Re8 19. g3 h6 20. Qd3 Nf8 21. Nf3 Kh8 22. Ne5 Kg8 23. Ng6 Qf7 24. Nxf8 Rxf8 25. e4 Qe7 26. Nf4 Qe8 27. e5 Nd5 28. Nxd5 exd5 29. Bc2 g6 30. Rxf8+ Kxf8 31. Rf1+ Kg7 32. Qf3 Qe7 33. Qf6+ Qxf6 34. exf6+ Kf7 35. Bxg6+ Kf8 36. Re1 Bd7 37. Re7 Be8 38. Rh7 Bxg6 39. Rh8+ Kf7 40. Rxa8 Kxf6 41. Kf2 b6 42. Rxa7 Be8 43. a4 c5 44. Ra6 cxd4 45. Rxb6+ Ke5 46. b3 Bd7 47. Ke2 Bf5 48. Rxh6 d3+ 49. Kd2 Kd4 50. Rc6 1-0

[Event "Montcalm III 2005-06"]
[Site "Quebec CAN"]
[Date "2005.11.24"]
[Round "2"]
[White "Lessard, Claude"]
[Black "Dion, Jean-Francois"]
[Result "1-0"]
[WhiteElo "1964"]
[BlackElo "1940"]
[PlyCount "73"]
[GameId "2160767910838263"]
[EventDate "2005.11.17"]
[EventType "swiss"]
[EventRounds "5"]
[EventCountry "CAN"]
[SourceTitle "EXT 2007"]
[Source "ChessBase"]
[SourceDate "2006.11.23"]
[SourceVersion "1"]
[SourceVersionDate "2006.11.23"]
[SourceQuality "1"]

1. d4 Nf6 2. c4 g6 3. Nc3 Bg7 4. e4 d6 5. f4 O-O 6. Nf3 c5 7. d5 Bg4 8. Be2 Bxf3 9. Bxf3 a6 10. O-O Nbd7 11. Be3 Qc7 12. Qd2 Rfe8 13. Rad1 Nf8 14. Bf2 Red8 15. Bg3 N6d7 16. Rfe1 Qa5 17. e5 Rab8 18. a4 Qb4 19. Qe2 Nb6 20. Qc2 dxe5 21. fxe5 Nxc4 22. b3 Na5 23. Rb1 Rbc8 24. d6 exd6 25. Nd5 Qa3 26. Ne7+ Kh8 27. Nxc8 Rxc8 28. exd6 Nd7 29. Re7 Rd8 30. Rxf7 Qb4 31. Qe2 Qd4+ 32. Kh1 Ne5 33. Rxg7 Nxf3 34. Rxh7+ Kxh7 35. Qe7+ Kh6 36. Qxd8 Qe4 37. Rf1 1-0

[Event "Montcalm III 2005-06"]
[Site "Quebec CAN"]
[Date "2005.11.24"]
[Round "2"]
[White "Potvin, Alain-Nicolas"]
[Black "Marquardt, Christian"]
[Result "1-0"]
[WhiteElo "1801"]
[BlackElo "2094"]
[PlyCount "56"]
[GameId "2160767910838264"]
[EventDate "2005.11.17"]
[EventType "swiss"]
[EventRounds "5"]
[EventCountry "CAN"]
[SourceTitle "EXT 2007"]
[Source "ChessBase"]
[SourceDate "2006.11.23"]
[SourceVersion "1"]
[SourceVersionDate "2006.11.23"]
[SourceQuality "1"]

1. d4 Nf6 2. Nf3 e6 3. e3 b6 4. Bd3 Bb7 5. Nbd2 Be7 6. O-O c5 7. b3 O-O 8. Bb2 d5 9. Ne5 a6 10. f4 b5 11. c4 Qb6 12. Rb1 Nc6 13. g4 Nxd4 14. Nc6 Qxc6 15. cxb5 axb5 16. Bxd4 Rxa2 17. Rc1 Qd7 18. Bb1 Raa8 19. Bxf6 Bxf6 20. g5 Be7 21. Bxh7+ Kxh7 22. Qh5+ Kg8 23. Rf3 Bxg5 24. fxg5 f5 25. gxf6 Rxf6 26. Rxf6 gxf6 27. Kf2 Qh7 28. Qxh7+ Kxh7 1-0

[Event "Montcalm III 2005-06"]
[Site "Quebec CAN"]
[Date "2005.11.24"]
[Round "2"]
[White "Sauve, Richard"]
[Black "Caire, Francois"]
[Result "0-1"]
[WhiteElo "1846"]
[BlackElo "2230"]
[PlyCount "70"]
[GameId "2160767910838265"]
[EventDate "2005.11.17"]
[EventType "swiss"]
[EventRounds "5"]
[EventCountry "CAN"]
[SourceTitle "EXT 2007"]
[Source "ChessBase"]
[SourceDate "2006.11.23"]
[SourceVersion "1"]
[SourceVersionDate "2006.11.23"]
[SourceQuality "1"]

1. d4 Nf6 2. c4 e5 3. dxe5 Ng4 4. Bf4 Nc6 5. Nf3 Bb4+ 6. Nbd2 Qe7 7. e3 Ngxe5 8. Nxe5 Nxe5 9. Be2 O-O 10. O-O d6 11. a3 Bxd2 12. Qxd2 Bd7 13. c5 Bc6 14. cxd6 cxd6 15. Rfd1 d5 16. Qd4 f6 17. b4 b5 18. Bxb5 Bb7 19. Rac1 a6 20. Be2 Rfc8 21. Rxc8+ Rxc8 22. Qa7 Nc4 23. Rc1 Kf7 24. Bf3 Ke6 25. Bg4+ f5 26. Be2 Ra8 27. Qd4 Qf6 28. Rxc4 dxc4 29. Bxc4+ Ke7 30. Qc5+ Ke8 31. Be5 Qg6 32. g3 Rc8 33. Bc7 Kd7 34. Bd3 Be4 35. Bxe4 fxe4 0-1

[Event "Montcalm III 2005-06"]
[Site "Quebec CAN"]
[Date "2005.11.30"]
[Round "3"]
[White "Angers, Gilles"]
[Black "Cournoyer, Dominic"]
[Result "1/2-1/2"]
[WhiteElo "1950"]
[BlackElo "1682"]
[PlyCount "74"]
[GameId "2160767910838266"]
[EventDate "2005.11.17"]
[EventType "swiss"]
[EventRounds "5"]
[EventCountry "CAN"]
[SourceTitle "EXT 2007"]
[Source "ChessBase"]
[SourceDate "2006.11.23"]
[SourceVersion "1"]
[SourceVersionDate "2006.11.23"]
[SourceQuality "1"]

1. e4 c5 2. Nc3 Nc6 3. g3 Nf6 4. f4 d6 5. Bg2 g6 6. Nf3 Bg7 7. O-O O-O 8. d3 Bg4 9. h3 Bxf3 10. Bxf3 Nd4 11. Bg2 Rb8 12. Be3 Nd7 13. Qd2 b5 14. Nd1 b4 15. c3 bxc3 16. bxc3 Nb5 17. Rc1 Nb6 18. Qc2 Na3 19. Qd2 Nb5 20. f5 Nd7 21. Bh6 Qa5 22. Bxg7 Kxg7 23. Ne3 Nf6 24. Ng4 Nxg4 25. hxg4 a6 26. g5 f6 27. Rf2 Qa3 28. Bf3 Rh8 29. Bd1 Qa5 30. Bb3 Na7 31. Be6 Nc6 32. Rcf1 Rbf8 33. gxf6+ exf6 34. Rb1 Rb8 35. Rbf1 g5 36. Rh2 Qd8 37. Qe2 h6 1/2-1/2

[Event "Montcalm III 2005-06"]
[Site "Quebec CAN"]
[Date "2005.11.30"]
[Round "3"]
[White "Bourassa, Andre"]
[Black "Foucreault, Laurent"]
[Result "1-0"]
[WhiteElo "1691"]
[BlackElo "1377"]
[PlyCount "75"]
[GameId "2160767910838267"]
[EventDate "2005.11.17"]
[EventType "swiss"]
[EventRounds "5"]
[EventCountry "CAN"]
[SourceTitle "EXT 2007"]
[Source "ChessBase"]
[SourceDate "2006.11.23"]
[SourceVersion "1"]
[SourceVersionDate "2006.11.23"]
[SourceQuality "1"]

1. d4 Nf6 2. c4 g6 3. Nc3 d5 4. cxd5 Nxd5 5. e4 Nxc3 6. bxc3 Bg7 7. Bc4 c5 8. Ne2 cxd4 9. cxd4 O-O 10. O-O Nc6 11. Be3 Bg4 12. f3 Na5 13. Bxf7+ Rxf7 14. fxg4 Nc4 15. Rxf7 Kxf7 16. Qb3 Rc8 17. Rc1 b5 18. Qxb5 Nxe3 19. Qb3+ Kf8 20. Rxc8 Qxc8 21. Qxe3 Qc2 22. a3 Qb2 23. Kf2 Qb8 24. e5 e6 25. Qc3 Qb6 26. Qb4+ Kg8 27. Qxb6 axb6 28. a4 Bh6 29. Nc3 Bg5 30. Ne4 Bd8 31. Ke3 Kf7 32. Nd6+ Ke7 33. Ke4 Bc7 34. Nb5 Bb8 35. d5 exd5+ 36. Kxd5 Kd7 37. Nd4 Bc7 38. Nc6 1-0

[Event "Montcalm III 2005-06"]
[Site "Quebec CAN"]
[Date "2005.11.30"]
[Round "3"]
[White "Caire, Francois"]
[Black "Lapierre, Gaetan"]
[Result "1-0"]
[WhiteElo "2230"]
[BlackElo "1881"]
[PlyCount "85"]
[GameId "2160767910838268"]
[EventDate "2005.11.17"]
[EventType "swiss"]
[EventRounds "5"]
[EventCountry "CAN"]
[SourceTitle "EXT 2007"]
[Source "ChessBase"]
[SourceDate "2006.11.23"]
[SourceVersion "1"]
[SourceVersionDate "2006.11.23"]
[SourceQuality "1"]

1. d4 Nf6 2. Nf3 d5 3. c4 c6 4. Nc3 e6 5. e3 Be7 6. Bd3 O-O 7. O-O dxc4 8. Bxc4 b5 9. Bd3 Bb7 10. e4 a6 11. e5 Nfd7 12. Ne4 c5 13. Nfg5 h6 14. Qh5 Nc6 15. Nf3 c4 16. Bb1 Nb4 17. Bxh6 gxh6 18. Qxh6 Bxe4 19. Bxe4 f5 20. Qxe6+ Rf7 21. Bxa8 Nf8 22. Qh6 Qxa8 23. a4 Rg7 24. axb5 Rg6 25. Qh5 Qe4 26. Rfe1 Qf4 27. bxa6 Nxa6 28. e6 Nb4 29. Ne5 Rg7 30. g3 Qxd4 31. Qxf5 Qxb2 32. Nxc4 Qc2 33. Ne3 Qb3 34. Ng4 Nc2 35. Rab1 Qc4 36. Nh6+ Kh8 37. Rbc1 Rg6 38. Rxc2 Qb4 39. Nf7+ Kg7 40. Qe5+ Bf6 41. Qe2 Be7 42. Rc4 Qb6 43. Rg4 1-0

[Event "Montcalm III 2005-06"]
[Site "Quebec CAN"]
[Date "2005.11.30"]
[Round "3"]
[White "Dumont, Eric"]
[Black "L'Heureux, Clement"]
[Result "0-1"]
[WhiteElo "1609"]
[BlackElo "1951"]
[PlyCount "60"]
[GameId "2160767910838269"]
[EventDate "2005.11.17"]
[EventType "swiss"]
[EventRounds "5"]
[EventCountry "CAN"]
[SourceTitle "EXT 2007"]
[Source "ChessBase"]
[SourceDate "2006.11.23"]
[SourceVersion "1"]
[SourceVersionDate "2006.11.23"]
[SourceQuality "1"]

1. e4 d5 2. exd5 Qxd5 3. Nc3 Qd8 4. d4 g6 5. Bf4 Bg7 6. Nf3 Nh6 7. Nb5 Na6 8. c3 Nf5 9. Bc4 O-O 10. O-O c6 11. Na3 Nc7 12. Nc2 Nd5 13. Bg5 Be6 14. Qe2 h6 15. Bd2 a5 16. Ne5 Bxe5 17. Qxe5 Qd7 18. Rfe1 Kh7 19. g4 Nh4 20. Qg3 g5 21. Bd3+ Kh8 22. Ne3 Nxe3 23. Qe5+ f6 24. Qxe3 Bxg4 25. Be4 Rae8 26. f4 Bh5 27. fxg5 fxg5 28. h3 Bf3 29. Bxf3 Nxf3+ 30. Kg2 Qd5 0-1

[Event "Montcalm III 2005-06"]
[Site "Quebec CAN"]
[Date "2005.11.30"]
[Round "3"]
[White "Marquardt, Christian"]
[Black "Gagnon, Alain"]
[Result "1-0"]
[WhiteElo "2094"]
[BlackElo "1664"]
[PlyCount "55"]
[GameId "2160767910838270"]
[EventDate "2005.11.17"]
[EventType "swiss"]
[EventRounds "5"]
[EventCountry "CAN"]
[SourceTitle "EXT 2007"]
[Source "ChessBase"]
[SourceDate "2006.11.23"]
[SourceVersion "1"]
[SourceVersionDate "2006.11.23"]
[SourceQuality "1"]

1. Nc3 e5 2. Nf3 Nc6 3. d4 exd4 4. Nxd4 Nxd4 5. Qxd4 Nf6 6. Bf4 d6 7. O-O-O Be6 8. e4 a6 9. Bc4 Qc8 10. Rhe1 Be7 11. e5 d5 12. exf6 Bxf6 13. Qxd5 O-O 14. Qd3 Bf5 15. Qg3 c6 16. Be5 Bxe5 17. Qxe5 b5 18. Bd3 Be6 19. Qc5 Qc7 20. Kb1 b4 21. Na4 Rfb8 22. Bc4 Rb5 23. Bxb5 axb5 24. Qb6 Bxa2+ 25. Kc1 Qf4+ 26. Qe3 Qxe3+ 27. Rxe3 g6 28. Nc5 1-0

[Event "Montcalm III 2005-06"]
[Site "Quebec CAN"]
[Date "2005.11.30"]
[Round "3"]
[White "Marquis, Paul"]
[Black "Lessard, Claude"]
[Result "0-1"]
[WhiteElo "1910"]
[BlackElo "1964"]
[PlyCount "56"]
[GameId "2160767910838271"]
[EventDate "2005.11.17"]
[EventType "swiss"]
[EventRounds "5"]
[EventCountry "CAN"]
[SourceTitle "EXT 2007"]
[Source "ChessBase"]
[SourceDate "2006.11.23"]
[SourceVersion "1"]
[SourceVersionDate "2006.11.23"]
[SourceQuality "1"]

1. e4 c5 2. Nc3 Nc6 3. g3 g6 4. Bg2 Bg7 5. d3 d6 6. f4 Nh6 7. Nf3 Bg4 8. h3 Bxf3 9. Bxf3 e5 10. O-O exf4 11. Bxf4 Ng8 12. Qd2 h5 13. Nb5 Ne5 14. Bg2 Ne7 15. c3 Qb6 16. Na3 Qa6 17. d4 Rd8 18. Bg5 cxd4 19. Bxe7 dxc3 20. Qg5 Rd7 21. Bf6 Bh6 22. Qh4 Be3+ 23. Kh1 g5 24. Bxh8 gxh4 25. Nc2 cxb2 26. Rae1 Bc1 27. Rxc1 bxc1=Q 28. Rxc1 Rc7 0-1

[Event "Montcalm III 2005-06"]
[Site "Quebec CAN"]
[Date "2005.11.30"]
[Round "3"]
[White "Perreault, Jacquelin"]
[Black "Auger, Bertrand"]
[Result "1/2-1/2"]
[WhiteElo "1760"]
[BlackElo "2004"]
[PlyCount "62"]
[GameId "2160767910834176"]
[EventDate "2005.11.17"]
[EventType "swiss"]
[EventRounds "5"]
[EventCountry "CAN"]
[SourceTitle "EXT 2007"]
[Source "ChessBase"]
[SourceDate "2006.11.23"]
[SourceVersion "1"]
[SourceVersionDate "2006.11.23"]
[SourceQuality "1"]

1. e4 e6 2. d4 d5 3. Nd2 dxe4 4. Nxe4 Bd7 5. Nf3 Bc6 6. Bd3 Nd7 7. O-O Ngf6 8. Qe2 Bxe4 9. Bxe4 Nxe4 10. Qxe4 c6 11. Bf4 Be7 12. Rfe1 Nf6 13. Qe2 O-O 14. Be5 Re8 15. c4 Nd7 16. a3 a5 17. a4 Bb4 18. Red1 f6 19. Bf4 Qe7 20. Ne1 e5 21. dxe5 fxe5 22. Be3 Nf8 23. Nd3 Bd6 24. Qg4 Ne6 25. b3 Rf8 26. Re1 Qf6 27. f3 Bc7 28. Nc5 Rfe8 29. Nxe6 Rxe6 30. Rad1 Qe7 31. Qe4 Re8 1/2-1/2

[Event "Montcalm III 2005-06"]
[Site "Quebec CAN"]
[Date "2005.11.30"]
[Round "3"]
[White "Potvin, Alain-Nicolas"]
[Black "Audet-Bouchard, Nicolas"]
[Result "0-1"]
[WhiteElo "1801"]
[BlackElo "2193"]
[PlyCount "60"]
[GameId "2160767910834177"]
[EventDate "2005.11.17"]
[EventType "swiss"]
[EventRounds "5"]
[EventCountry "CAN"]
[SourceTitle "EXT 2007"]
[Source "ChessBase"]
[SourceDate "2006.11.23"]
[SourceVersion "1"]
[SourceVersionDate "2006.11.23"]
[SourceQuality "1"]

1. d4 Nf6 2. Nf3 d6 3. e3 Nbd7 4. Be2 e5 5. c4 Be7 6. Nc3 O-O 7. O-O c6 8. b4 Re8 9. a4 Bf8 10. a5 e4 11. Nd2 d5 12. b5 Bb4 13. Qb3 Bxa5 14. bxc6 bxc6 15. cxd5 Bxc3 16. Qxc3 cxd5 17. Qc6 Nb6 18. Ba3 Bd7 19. Qb7 Qc8 20. Ba6 Qc2 21. Rfd1 Bc8 22. Rac1 Bxb7 23. Rxc2 Bxa6 24. Bc5 Nfd7 25. Ra1 Bd3 26. Rca2 a6 27. Rb2 Nc4 28. Nxc4 Bxc4 29. Bd6 Bb5 30. f3 Rac8 0-1

[Event "Montcalm III 2005-06"]
[Site "Quebec CAN"]
[Date "2005.12.07"]
[Round "4"]
[White "Angers, Gilles"]
[Black "Bourassa, Andre"]
[Result "1-0"]
[WhiteElo "1950"]
[BlackElo "1691"]
[PlyCount "35"]
[GameId "2160767910834178"]
[EventDate "2005.11.17"]
[EventType "swiss"]
[EventRounds "5"]
[EventCountry "CAN"]
[SourceTitle "EXT 2007"]
[Source "ChessBase"]
[SourceDate "2006.11.23"]
[SourceVersion "1"]
[SourceVersionDate "2006.11.23"]
[SourceQuality "1"]

1. e4 c5 2. d4 cxd4 3. c3 dxc3 4. Nxc3 Nc6 5. Nf3 d6 6. Bc4 e6 7. O-O Be7 8. Qe2 a6 9. Rd1 Qc7 10. Bf4 Ne5 11. Nxe5 dxe5 12. Be3 Nf6 13. Rac1 Bc5 14. Na4 Bxe3 15. Bb5+ axb5 16. Rxc7 Bd4 17. Rxd4 exd4 18. Nb6 1-0

[Event "Montcalm III 2005-06"]
[Site "Quebec CAN"]
[Date "2005.12.07"]
[Round "4"]
[White "Auger, Bertrand"]
[Black "Lessard, Claude"]
[Result "1/2-1/2"]
[WhiteElo "2004"]
[BlackElo "1964"]
[PlyCount "66"]
[GameId "2160767910834179"]
[EventDate "2005.11.17"]
[EventType "swiss"]
[EventRounds "5"]
[EventCountry "CAN"]
[SourceTitle "EXT 2007"]
[Source "ChessBase"]
[SourceDate "2006.11.23"]
[SourceVersion "1"]
[SourceVersionDate "2006.11.23"]
[SourceQuality "1"]

1. Nf3 g6 2. g3 d5 3. Bg2 Bg7 4. d4 c5 5. O-O cxd4 6. Nxd4 Nc6 7. Nxc6 bxc6 8. c4 e6 9. Qc2 Ne7 10. Rd1 O-O 11. Nc3 Rb8 12. b3 Qa5 13. Bd2 Qa6 14. cxd5 cxd5 15. Be3 Nf5 16. Bc5 Re8 17. Rac1 Bh6 18. e3 Bb7 19. b4 Rec8 20. Qe2 Qxe2 21. Nxe2 Ba6 22. Bf1 Bc4 23. a3 a5 24. g4 Nh4 25. Nd4 axb4 26. axb4 e5 27. Bxc4 exd4 28. Bxd5 dxe3 29. fxe3 Rxb4 30. Bxb4 Bxe3+ 31. Kf1 Rxc1 32. Rxc1 Bxc1 33. Be1 Bg5 1/2-1/2